[Event "100 years Romania 2018"]
[Site "Alba Iulia"]
[Date "2018.11.17"]
[Round "8"]
[White "Svetushkin, Dmitry"]
[Black "Pop, Alexandru"]
[Result "1-0"]
[WhiteElo "2605"]
[BlackElo "2274"]
[Annotator "TA"]
[PlyCount "151"]
[EventDate "2018.11.12"]
[EventType "swiss"]
[EventCountry "ROU"]
[SourceTitle "playchess.com"]
[Source "ChessBase"]
[SourceQuality "1"]

{[%evp 16,151,44,39,60,53,46,32,62,56,58,69,73,46,54,49,54,52,93,79,81,37,50,27,25,22,29,29,24,7,0,0,0,0,48,45,58,54,83,48,67,67,66,69,150,150,160,150,150,156,154,157,165,158,210,207,209,215,232,227,232,232,232,232,247,247,270,270,264,256,241,98,115,135,295,302,359,333,315,250,250,249,383,383,383,375,380,376,376,0,341,242,327,316,301,189,302,287,406,400,404,399,399,392,392,385,385,383,383,368,580,516,930,879,833,844,849,787,920,397,283,283,1035,766,1045,911,979,925,6215,6297,29977,29980,29980,29981,29979,29980,29992,29987]} 1. e4 e6 2. d4 d5 3. Nc3 Bb4 4. e5 b6 5. a3 Bf8 6. Nf3 Ne7 7. Bb5+ {[%cal Bf1b5,Bb5a4,Ba4b3,Bb3c2][%mdl 32] C16: French: 3 Nc3 Bb4 4 e5: Lines without ...c5} (7. h4 h6 8. Bf4 Ba6 9. Bxa6 Nxa6 10. Qd3 Nb8 11. b4 Nd7 12. O-O c6 13. h5 a6 14. Ne2 c5 15. dxc5 bxc5 {½-½ (46) Kryvoruchko,Y (2708)-Jussupow,A (2583) Switzerland 2017}) 7... c6 8. Ba4 a5 9. O-O {LiveBook: 3 Games. White is slightly better.} Nd7 10. Ne2 b5 11. Bb3 c5 12. c3 c4 13. Bc2 Nc6 $146 ({Predecessor:} 13... Nb6 14. Nf4 g6 15. g4 Nc6 {½-½ (28) Arenas Vanegas,D (2437)-Ruiz Castillo,J (2366) Medellin 2014}) 14. h4 h6 15. Nf4 Nb6 16. Nh5 Bd7 17. g3 Qc7 18. Bf4 O-O-O 19. g4 Be7 20. Bg3 Rdg8 21. Qe2 a4 22. Ne1 Qd8 23. Ng2 g6 24. Nhf4 h5 25. gxh5 gxh5 {Threatening ...Bxh4.} 26. Kh2 {[%cal Bg1h2,Bh2g2,Bg2f1,Bf1f2][%mdl 32]} Rg4 {[#]} 27. Nxh5 $1 {[%mdl 512]} Rxd4 (27... Rxh5 28. Qxg4) 28. Nf6 $1 Bxf6 29. exf6 (29. cxd4 $2 Bxh4 30. Rad1 Bxg3+ 31. Kxg3 f5 $17) 29... Rdxh4+ (29... Qxf6 $14 30. cxd4 Nxd4) 30. Nxh4 $16 {Qf3 is the strong threat.} Qxf6 31. Kg2 {aiming for Rh1.} ({Don't blunder} 31. Qg4 $2 Ne5 $19) 31... Rxh4 32. Bxh4 Qxh4 33. Rh1 Qg5+ 34. Kf1 e5 (34... d4 $16) 35. Qe3 $18 Qxe3 36. fxe3 e4 37. Rh5 Kc7 38. Kf2 Ne7 39. Rg1 Kd6 40. Bd1 Be6 41. Bg4 Nd7 42. Bxe6 fxe6 43. Kg3 (43. Rh8 $18 {has better winning chances.}) 43... Nc5 44. Kg4 Nc6 $2 (44... Nd3 $16 45. Rg2 Ne5+ 46. Kg5 Nf5) 45. Kg5 Ne5 {Hoping for ...Nf3+.} 46. Rg2 Ncd7 47. Kh6 Nf6 48. Rh4 Nfd7 (48... Ne8 {is a better defense.} 49. Rh3 Nf7+ 50. Kh5 Ne5) 49. Kg7 Ke7 50. Rh8 Nc6 51. Rf2 Nde5 52. Rg2 Nd7 $1 53. Rh7 Nce5 54. Kg8+ Kd6 55. Rhg7 Kc5 (55... Nf3 {was worth a try.} 56. Re2 Nh4) 56. Rh2 Kd6 (56... Ng4 {was necessary.} 57. Rh4 Nge5) 57. Rh6 Nd3 58. Rgg6 N7c5 59. Rg2 Ne5 60. Kf8 Nc6 61. Ke8 Nd7 62. Rg7 Nc5 (62... Nce5 $142 63. Rh8 Nc5) 63. Rh5 Ne5 {[#]} (63... Nb8 $142 64. Rhh7 Nc6) 64. Rxe5 $1 {[%mdl 512]} Kxe5 {[%mdl 4096] Endgame KR-KN} 65. Ke7 {[%cal Rg7g5]} Kf5 66. Kd6 Nd3 67. Rg2 (67. Rf7+ $142 Kg4 68. Kxe6) 67... Ne1 68. Rf2+ Kg4 $2 (68... Nf3 69. Kc5 Ke5) 69. Kxe6 Nd3 70. Rf8 d4 71. cxd4 b4 72. axb4 {[%cal Ba3b4,Bb4b5,Bb5b6][%mdl 32]} Nxb2 73. b5 {White mates.} c3 74. b6 c2 75. Rc8 Kh5 76. Ke5 {Accuracy: White = 74%, Black = 42%.} 1-0

[Event "100 years Romania 2018"]
[Site "Alba Iulia"]
[Date "2018.11.17"]
[Round "8"]
[White "Fedorov, Alexei"]
[Black "Manolache, Marius"]
[Result "1/2-1/2"]
[WhiteElo "2558"]
[BlackElo "2518"]
[Annotator "TA"]
[PlyCount "102"]
[EventDate "2018.11.12"]
[EventType "swiss"]
[EventCountry "ROU"]
[SourceTitle "playchess.com"]
[Source "ChessBase"]
[SourceQuality "1"]

{[%evp 16,102,43,15,64,61,68,73,93,91,135,85,142,154,177,180,203,188,184,185,203,203,212,198,201,209,208,196,206,190,198,199,189,176,176,168,181,158,155,147,162,163,175,130,132,0,177,156,160,152,143,149,133,58,70,0,14,12,20,20,112,1,17,0,4,0,60,0,0,0,0,-15,-9,-23,0,0,0,-2,-3,-2,-4,-2,-4,-8,0,-2,0,-9,0]} 1. e4 d6 2. d4 Nf6 3. f3 g6 4. c4 Bg7 5. Ne2 a6 6. Nbc3 c6 7. Be3 b5 8. Qd2 O-O 9. Bh6 {LiveBook: 9 Games. E81: King's Indian: Sämisch: 6th move deviations (including 6 Be3 c6)} bxc4 (9... Nbd7 10. h4 Nb6 11. Ng3 e5 12. Bxg7 Kxg7 13. h5 exd4 14. Qxd4 Be6 15. O-O-O Bxc4 16. Qxd6 Bxf1 17. Rhxf1 {1-0 (35) Fedorov,A (2582)-Skoberne,J (2544) Heraklio 2017}) 10. h4 {[%cal Bh2h4,Bh4h5][%mdl 32]} Bxh6 $146 ({Predecessor:} 10... c5 11. Bxg7 Kxg7 12. h5 cxd4 13. Nxd4 e5 14. hxg6 fxg6 15. Nc2 Qc7 16. O-O-O Rd8 {1-0 (33) Battaglini,G (2475)-Relange,E (2464) Chartres 2017}) 11. Qxh6 {White is slightly better.} Kh8 {[#]} 12. h5 $1 {[%cal Rh5g6] hxg6 is the strong threat.} Ng8 13. Qe3 g5 ({Black should try} 13... e6) 14. Qxg5 $16 {White threatens h6 and mate.} h6 15. Qe3 e6 16. O-O-O d5 17. g4 Nd7 18. Rg1 dxe4 19. Nxe4 ({Resist} 19. fxe4 $6 Qg5 $16) 19... Ndf6 20. N2c3 {[%cal Be2c3,Bc3a4,Ba4c5,Bc5b7][%mdl 32]} Nd5 21. Qd2 Qc7 22. Bxc4 Qf4 23. Qxf4 Nxf4 24. Na4 a5 25. Nac5 Ra7 26. Rge1 {[%cal Bg1e1,Be1e3,Be3b3][%mdl 32]} Rd8 27. Re3 Ne7 28. Rb3 Ra8 29. Nb7 Rd7 {[#] aiming for ...a4.} 30. Nbc5 Rd8 $1 31. Ra3 Ned5 32. Bxd5 exd5 33. Ng3 f5 34. Re1 ({And not} 34. gxf5 Rg8 $15) (34. b4 $16) 34... fxg4 $14 35. Re7 (35. b4 $14) 35... gxf3 36. Rxf3 Rf8 37. Rb3 a4 (37... Rg8 $1 $11 {keeps the balance.}) 38. Rbe3 (38. Rb6 $16) 38... Bg4 $11 39. R3e5 a3 $132 {[%mdl 2048] Black is not holding back} 40. Rb7 Nh3 (40... axb2+ $11 41. Kxb2 Ra5) 41. Re3 (41. Ree7 $14 axb2+ 42. Kb1) 41... axb2+ 42. Rxb2 Rf4 43. Nd3 Rxd4 44. Ne5 Ng5 45. Rb7 {Threatens to win with Ng6+.The position is equal.} Kg8 46. Nxg4 Rxg4 47. Nf5 Rg1+ 48. Kb2 Rg2+ 49. Kb1 Rg1+ 50. Kb2 Rg2+ 51. Kb1 Rg1+ {Accuracy: White = 54%, Black = 54%.} 1/2-1/2

[Event "100 years Romania 2018"]
[Site "Alba Iulia"]
[Date "2018.11.17"]
[Round "8"]
[White "Levin, Evgeny A."]
[Black "Secheres, Adrian-Simion"]
[Result "1/2-1/2"]
[WhiteElo "2523"]
[BlackElo "2388"]
[Annotator "TA"]
[PlyCount "37"]
[EventDate "2018.11.12"]
[EventType "swiss"]
[EventCountry "ROU"]
[SourceTitle "playchess.com"]
[Source "ChessBase"]
[SourceQuality "1"]

{[%evp 16,37,58,50,58,53,66,41,95,91,80,77,84,23,19,18,33,21,41,52,51,45,68,62]} 1. d4 Nf6 2. c4 g6 3. Nc3 Bg7 4. e4 d6 5. Nf3 O-O 6. Be2 e5 7. Be3 c6 8. d5 cxd5 9. cxd5 Ng4 {E92: King's Indian: Classical: 6 Be2 e5: 7 dxe5, 7 Be3 and Petrosian System without 7...Nbd7} (9... Nh5 10. Nd2 Nf4 11. Bf1 Na6 12. g3 Nh5 13. Be2 Bd7 14. a3 Nf6 15. g4 Ne8 16. h4 f5 17. gxf5 gxf5 18. exf5 Bxf5 {1-0 (32) Peralta,F (2556)-Lavrov,M (2384) Barcelona 2018}) 10. Bg5 f6 11. Bd2 Nh6 (11... f5 $14) 12. h4 $16 {[%cal Bh2h4,Bh4h5][%mdl 32]} Na6 $146 ({Predecessor:} 12... Ng4 13. Rc1 h6 14. h5 g5 15. O-O f5 16. exf5 Nf6 17. g4 {1-0 (47) Silva,R (2383)-Lozano Kafure,D (2351) ICCF email 2014}) 13. h5 {[#] And now hxg6 would win.} g5 14. Nh2 (14. Rc1 $16) 14... f5 $1 $11 15. g4 fxg4 16. Be3 Rf4 17. Bxf4 {White is slightly better.} exf4 18. Nxg4 Nf7 19. h6 {Accuracy: White = 78%, Black = 41%.} 1/2-1/2

[Event "100 years Romania 2018"]
[Site "Alba Iulia"]
[Date "2018.11.17"]
[Round "8"]
[White "Moiseenko, Vadim"]
[Black "Sieciechowicz, Marcin"]
[Result "1/2-1/2"]
[WhiteElo "2491"]
[BlackElo "2432"]
[Annotator "TA"]
[PlyCount "81"]
[EventDate "2018.11.12"]
[EventType "swiss"]
[EventCountry "ROU"]
[SourceTitle "playchess.com"]
[Source "ChessBase"]
[SourceQuality "1"]

{[%evp 20,81,25,31,41,17,42,22,34,32,33,21,40,17,32,33,39,39,39,41,50,41,43,47,40,6,2,4,0,0,0,0,-5,-29,46,-32,-15,-16,-8,-47,-37,-37,-16,-16,-22,-37,-19,-21,-7,-7,-7,-7,-7,-10,-10,-10,-7,-7,-7,-7,-7,-7,-7,-7]} 1. e4 e6 2. d4 d5 3. exd5 exd5 4. Nf3 Nf6 5. Bd3 Bd6 6. Qe2+ Qe7 7. Qxe7+ Bxe7 8. Bf4 {C01: French: Exchange Variation} c6 9. O-O O-O 10. Re1 Re8 11. Nbd2 {LiveBook: 9 Games} Bg4 12. Ne5 Be6 13. h3 $146 ({Predecessor:} 13. Nb3 a5 14. Nc5 Bxc5 15. dxc5 Nbd7 16. Nxd7 Bxd7 {1-0 (33) Carlsen,M (2838)-Meier,G (2630) chess.com INT 2017}) 13... Nbd7 14. Nxd7 Bxd7 15. g4 h6 16. a4 Bf8 17. Be5 Nh7 18. Kg2 Ng5 19. f4 Nh7 20. f5 f6 21. Bg3 Ng5 22. Rec1 c5 23. dxc5 Bxc5 24. Nb3 Be3 25. Rd1 Rac8 26. Na5 Bb6 (26... Ne4 $11) 27. b4 (27. Nxb7 $14 Rxc2+ {[%mdl 64] Decoy} 28. Bxc2 Re2+ {[%mdl 64] Double Attack} 29. Kf1 Rxc2 30. Nd6) 27... Bxa5 28. bxa5 Ne4 29. Bh2 Nc5 30. Bg1 Nxd3 31. cxd3 a6 32. Bd4 Rc2+ 33. Kf3 {The position is equal.} Bc6 34. h4 Kf7 35. h5 Ree2 36. Ra3 Rh2 {[#] Strongly threatening ...Rh3+.} 37. Kg3 $1 Rcg2+ 38. Kf3 $1 Ra2 39. Rxa2 Rxa2 40. Ra1 Rd2 41. Ra3 {Accuracy: White = 51%, Black = 56%.} 1/2-1/2

[Event "100 years Romania 2018"]
[Site "Alba Iulia"]
[Date "2018.11.17"]
[Round "8"]
[White "Visakh N R"]
[Black "Tilicheev, Viacheslav"]
[Result "1/2-1/2"]
[WhiteElo "2489"]
[BlackElo "2509"]
[Annotator "TA"]
[PlyCount "140"]
[EventDate "2018.11.12"]
[EventType "swiss"]
[EventCountry "ROU"]
[SourceTitle "playchess.com"]
[Source "ChessBase"]
[SourceQuality "1"]

{[%evp 12,140,18,13,59,24,19,7,16,19,15,27,19,19,27,10,63,68,91,104,76,61,95,100,91,16,10,15,17,12,31,23,31,8,17,0,12,1,15,7,10,16,12,12,43,0,11,0,0,0,-1,-6,0,0,0,-45,-32,-55,-55,-60,-62,-59,-54,-45,-56,-44,-46,-45,-22,-21,-18,-22,-24,-20,-23,-20,-4,-4,-6,-5,0,0,0,0,-2,-8,-8,-8,0,-8,-8,-16,-16,-17,-10,-10,-10,-11,-11,-24,-24,-24,-24,-28,-28,-28,-28,-71,-71,-72,-72,-71,-71,-71,-71,-71,0,-8,0,-71,-36,-43,-43,-69,-8,-8,-8,-8,-8,-8,-8]} 1. d4 d5 2. c4 e6 3. Nc3 c6 4. e4 dxe4 5. Nxe4 Bb4+ 6. Nc3 Nf6 7. Nf3 {LiveBook: 32 Games. D31: Queen's Gambit Declined: Semi-Slav without ...Nf6 (+ Marshall Gambit and Noteboom) and Exchange Variation lines without ...Nf6} (7. a3 Bxc3+ 8. bxc3 Qa5 9. Nf3 c5 10. d5 exd5 11. Be2 dxc4 12. O-O O-O 13. Qc2 Be6 14. Ne5 Qa6 {0-1 (36) Jelen,I (2374)-Korneev,O (2548) Nova Gorica 2018}) 7... Nbd7 8. Qc2 O-O 9. Bf4 $146 ({Predecessor:} 9. Bd3 c5 10. a3 cxd4 11. axb4 dxc3 12. Qxc3 b6 13. O-O Bb7 14. Bc2 Qc7 15. b3 {1-0 (29) Torrents Senal,M (1991)-Llopis Jordan,L (1908) Barcelona 2014}) 9... c5 {Hoping for ...cxd4.} 10. a3 Qa5 11. Bd2 cxd4 12. Nxd4 Qe5+ 13. Be2 Bxc3 ({Much weaker is} 13... Qxd4 $6 14. axb4 b6 15. Nb5 $16) (13... Be7 $11 14. Be3 Qc7) 14. Bxc3 $14 Qe4 15. O-O Qxc2 16. Nxc2 b6 17. Bf3 Rb8 18. Nb4 ({White should play} 18. Rfd1 $16) 18... Bb7 $11 19. Nc6 Bxc6 $1 20. Bxc6 Rfc8 21. Bb5 Nc5 22. Be5 {[#] aiming for b4.} Rb7 23. Rad1 {Strongly threatening b4.} Nfd7 24. Bc3 a6 25. Rxd7 Rxd7 26. Bxd7 Nxd7 {[%mdl 4096] Endgame KRB-KRN} 27. Rd1 Rc7 28. Kf1 (28. Be5 $5 Rb7 29. b4 $14) 28... f6 29. Rd6 Kf7 30. b4 Ke7 31. c5 e5 32. Bd2 Rc8 33. Ke2 a5 $1 34. bxa5 Rxc5 35. Rd3 $1 {Bb4 is the strong threat.} bxa5 36. Rb3 Kd6 37. Rb7 Rc2 38. Ke1 Nc5 39. Rxg7 Nd3+ 40. Kd1 Ra2 41. f3 Rxa3 42. Rxh7 Ra2 43. Rg7 a4 44. h4 a3 45. Ra7 Ke6 46. g4 e4 47. fxe4 Nf2+ 48. Kc1 Nxe4 49. Bb4 Ra1+ 50. Kc2 $132 {[%mdl 2048] White has counterplay} a2 51. Ba3 Rh1 52. Bb2 Rxh4 53. Rxa2 Rxg4 54. Ra6+ Kf5 55. Bd4 Rg3 56. Rb6 Kg5 57. Rb3 Rg2+ 58. Kd3 f5 59. Be3+ Kg4 60. Rb4 Kf3 61. Rb5 Ng3 62. Rb4 {[%csl Ge3][%cal Rb4f4] [#]} Ne2 $1 63. Rb1 Ng3 (63... Nf4+ $17 64. Kd4 Ne6+ 65. Ke5 Re2 66. Kxf5 Rxe3) 64. Rb4 $1 {[%csl Ge3][%cal Rb4f4]} Ne2 (64... Ra2 $11 65. Rf4+ Kg2) 65. Rb1 $1 $17 f4 66. Rf1+ Kg3 67. Bd2 f3 (67... Kg4 $1 $15) 68. Ke3 $11 {The position is equal.} Ng1 69. Be1+ Kg4 {Threatens to win with ...Re2+.} 70. Rf2 Rxf2 {Accuracy: White = 70%, Black = 61%.} 1/2-1/2

[Event "100 years Romania 2018"]
[Site "Alba Iulia"]
[Date "2018.11.17"]
[Round "8"]
[White "Harutjunyan, Gevorg"]
[Black "Istratescu, Andrei"]
[Result "0-1"]
[WhiteElo "2470"]
[BlackElo "2565"]
[Annotator "TA"]
[PlyCount "82"]
[EventDate "2018.11.12"]
[EventType "swiss"]
[EventCountry "ROU"]
[SourceTitle "playchess.com"]
[Source "ChessBase"]
[SourceQuality "1"]

{[%evp 9,82,0,6,7,17,0,2,0,3,0,17,7,16,11,2,8,22,22,0,4,11,0,22,28,25,22,72,65,67,72,102,-437,-430,-380,-418,-405,-380,-427,-375,-497,-482,-433,-455,-459,-485,-485,-448,-472,-477,-489,-486,-477,-466,-457,-435,-704,-666,-597,-173,-173,-75,-1465,-1412,-1214,-893,-2685,-2292,-29972,-29972,-29975,-29977,-29974,-29977,-29972,-29976]} 1. e4 c5 2. Nf3 d6 3. Nc3 Nf6 4. e5 dxe5 5. Nxe5 a6 6. g3 {B50: Sicilian: 2...d6, Miscellaneous} Nbd7 7. d4 e6 8. Be3 {The position is equal.} Qc7 9. Qe2 b5 $146 ({Predecessor:} 9... cxd4 10. Bxd4 Bc5 11. Bxc5 Qxc5 12. Nd3 Qc4 13. Bg2 Rb8 {0-1 (60) Safarli,E (2680)-Indjic,A (2589) Dubai 2017}) 10. Nxd7 Bxd7 11. Bg2 $1 {[%cal Rg2a8]} Rc8 12. d5 $36 {[%mdl 2048] White has some pressure.} b4 13. dxe6 Bxe6 14. Ne4 Nxe4 15. Bxe4 Bd6 16. O-O-O c4 17. f4 {Black must now prevent f5.} b3 18. axb3 cxb3 19. Qxa6 Ke7 {White should prevent ...f5.} 20. Bb6 $2 {[%mdl 8192] [#]} (20. c3 $16 {keeps the pressure on. Threatens to win with Bb6.} Bc4 21. Qb7) 20... Bxf4+ $1 $19 {[%mdl 512]} 21. gxf4 Qxf4+ {[%mdl 64] Double Attack} 22. Kb1 Qxe4 23. Bc5+ Rxc5 24. Qd6+ Kf6 25. Qxc5 bxc2+ {[%mdl 64] Overworked Piece} 26. Qxc2 Bf5 27. Qxe4 Bxe4+ 28. Ka2 Bxh1 29. Rxh1 {[%mdl 4096] Endgame KR-KR} Ra8+ 30. Kb3 g5 31. Kc3 g4 32. b4 (32. Re1 $142 Rc8+ 33. Kd3) 32... Kg5 33. b5 Rb8 $2 (33... f5 34. Rb1 f4) 34. Rb1 {[#]} f5 (34... Rb6 $1 $19 35. Kb4 f5) 35. Kd4 $2 {[%mdl 8192]} (35. b6 $17) 35... f4 {[%cal Bf5f4,Bf4g3,Bg3g2][%mdl 32]} 36. b6 Kh4 37. Kc5 Kh3 38. Rb2 g3 {Black mates.} 39. hxg3 fxg3 40. Rb3 Kh2 41. Kc6 g2 {Accuracy: White = 48%, Black = 66%.} 0-1

[Event "100 years Romania 2018"]
[Site "Alba Iulia"]
[Date "2018.11.17"]
[Round "8"]
[White "Shishkin, Vadim"]
[Black "Petrisor, Adrian-Marian"]
[Result "1-0"]
[WhiteElo "2456"]
[BlackElo "2425"]
[Annotator "TA"]
[PlyCount "79"]
[EventDate "2018.11.12"]
[EventType "swiss"]
[EventCountry "ROU"]
[SourceTitle "playchess.com"]
[Source "ChessBase"]
[SourceQuality "1"]

{[%evp 16,79,6,0,16,23,41,26,33,32,31,31,35,19,78,60,66,59,66,59,69,37,65,30,39,37,30,29,20,0,0,0,0,0,152,156,167,157,457,457,446,445,437,315,432,322,317,302,295,297,409,408,545,433,523,546,565,552,535,415,410,410,393,395,427,445]} 1. d4 Nf6 2. c4 e6 3. Nc3 Bb4 4. Qc2 d5 5. cxd5 Qxd5 6. e3 c5 7. a3 Bxc3+ 8. bxc3 O-O {E34: Nimzo-Indian: Classical: 4...d5} 9. Nf3 {LiveBook: 12 Games} Nc6 (9... b6 10. c4 Qc6 11. Bb2 Bb7 12. Be2 Nbd7 13. O-O cxd4 14. exd4 Rfd8 15. Rfe1 Rac8 16. Rac1 h6 17. Qb3 Nf8 {½-½ (35) Morovic Fernandez,I (2501)-Le,Q (2715) Batumi 2018}) 10. c4 Qd6 {[%cal Rc5d4] White has an edge.} 11. Bb2 cxd4 12. exd4 b6 13. Bd3 Bb7 14. O-O h6 $146 (14... Rac8 $11) ({Predecessor:} 14... Rac8 15. Qe2 Qf4 16. Rad1 {1-0 (40) Alekhine,A-Euwe,M Netherlands 1937}) 15. Rad1 $16 Rac8 16. Qe2 Rfe8 17. Rfe1 Qc7 18. h3 Rcd8 19. Bc3 Nb8 {[%cal Bc6b8,Bb8d7,Bd7c5,Bc5e4][%mdl 32]} 20. Ne5 Nbd7 21. f4 b5 22. c5 Nxc5 23. Bxb5 Ba6 $1 24. Rc1 $36 {[%mdl 2048] White is more active.} Qb6 $2 {[#]} (24... Bxb5 $11 25. Qxb5 Ncd7) 25. Rb1 ({Stronger than} 25. Bxe8 Bxe2 26. Bxf7+ Kh7 $11) 25... Nce4 26. Bxe8 Bxe2 $2 (26... Nxc3 $16 {was worth a try.} 27. Bxf7+ (27. Rxb6 Nxe2+ 28. Rxe2 axb6 $16) 27... Kf8 28. Rxb6 Nxe2+ 29. Rxe2 axb6) 27. Bxf7+ $18 ({Not} 27. Rxb6 Rxe8 28. Rb3 (28. Rxe2 axb6 29. Bb2 Nd6 $17) 28... Ba6 $18) 27... Kh8 {[#] Threatens to win with ...Bb5.} 28. Rxb6 axb6 29. Bb4 ({Weaker is} 29. Rxe2 Nxc3 30. Ng6+ Kh7 $18) 29... Bb5 30. Ng6+ Kh7 31. Nf8+ Kh8 32. Nxe6 Rc8 33. Bf8 Rc2 34. Bxg7+ Kh7 35. f5 Bc6 36. Bg6+ Kg8 {intending ...Ng3.} 37. Bxf6 Nxf6 38. Nf4 Be4 39. Re2 Rc3 40. Nh5 {Precision: White = 66%, Black = 42%.} 1-0

[Event "100 years Romania 2018"]
[Site "Alba Iulia"]
[Date "2018.11.17"]
[Round "8"]
[White "Samolins, Vitalijs"]
[Black "Ciorgovean, Iustin"]
[Result "1-0"]
[WhiteElo "2436"]
[BlackElo "2201"]
[Annotator "TA"]
[PlyCount "117"]
[EventDate "2018.11.12"]
[EventType "swiss"]
[EventCountry "ROU"]
[SourceTitle "playchess.com"]
[Source "ChessBase"]
[SourceQuality "1"]

{[%evp 12,117,8,2,14,0,0,-14,18,-12,19,7,11,3,20,-11,-7,-6,0,0,0,-5,-9,-6,-9,-27,-10,-12,-17,-27,33,-68,-71,-54,-8,-13,26,26,35,29,45,38,40,25,35,18,21,9,13,0,27,0,0,0,200,46,50,21,39,16,86,60,130,130,173,166,452,420,467,460,443,449,447,448,483,483,461,461,572,569,548,516,499,466,481,437,647,601,768,768,768,768,764,764,764,757,765,753,743,731,810,806,779,741,701,693,676,661]} 1. e4 {[%cal Be2e4,Be4e5][%mdl 32]} c5 2. c3 Nf6 3. e5 Nd5 4. Nf3 d6 5. d4 cxd4 6. Qxd4 e6 7. exd6 {LiveBook: 32 Games} Qxd6 {B22: Sicilian: 2 c3} (7... Nc6 $5 {[%cal Rc6d4]} 8. Bb5 Qxd6 $11) (7... Nc6 8. Bb5 Bd7 9. Bxc6 Bxc6 10. Nbd2 Qxd6 11. Ne4 Qc7 12. O-O f6 13. Re1 e5 14. Ng3 Be7 15. Qg4 {½-½ (66) Plat,V (2567)-Beerdsen,T (2419) Groningen 2017}) 8. Nbd2 Nc6 9. Qh4 $146 ({Predecessor:} 9. Bb5 Bd7 10. Ne4 Qc7 11. Bxc6 Bxc6 12. O-O Rd8 13. Qe5 Bb5 14. Bg5 Qxe5 15. Nxe5 Bxf1 16. Bxd8 {0-1 (29) Fidalgo,A (2248)-Fernandes,A (2450) Lisbon 2017}) 9... Qf4 {The position is equal.} 10. Qg3 (10. Qxf4 {is interesting.} Nxf4 11. Nb3 Nd5 12. Bc4 Bd6 13. O-O) 10... Bd7 11. Bc4 Qxg3 12. hxg3 Nf6 13. b4 Bd6 14. Bb2 Rc8 15. O-O O-O 16. Rfe1 Rfd8 17. Bb3 Be8 18. a3 Be7 19. Rad1 a5 20. Nc4 Nd5 (20... b5 $11 21. Ne3 (21. Nxa5 Rxd1 22. Rxd1 Nxa5 $15) 21... h5) 21. Ne3 ({White should try} 21. Nxa5 $14 Nxa5 22. Bxd5 (22. bxa5 Nf6 $11)) 21... Nxe3 $15 22. Rxd8 Bxd8 (22... Rxd8 {seems wilder.} 23. Rxe3 b5 24. Bc2 Bf6 25. Re2 g6) 23. Rxe3 Bf6 24. Rxe6 axb4 25. axb4 h5 26. Re2 Bd7 27. Bd5 Rc7 28. Ne1 Ne7 29. Be4 Be6 30. Nd3 Bd5 31. Nc5 b6 32. Na4 Rc6 $2 {[#]} (32... Bc4 $11 {and Black is okay.} 33. Rd2 Nc8) 33. Bxd5 $2 (33. b5 $1 $18 {[%cal Rb5c6]} Re6 34. Bd3) 33... Nxd5 $14 34. Re8+ Kh7 35. Rb8 Kg6 (35... Re6 $11 {remains equal.}) 36. b5 Re6 (36... Rc7 $14) 37. Kf1 $16 Kf5 38. c4 Nb4 $2 (38... Re4) 39. Bxf6 $18 gxf6 40. Rxb6 {[%mdl 4096] Endgame KRN-KRN. White is clearly winning.} Re4 41. Nb2 Nc2 {[%csl Gc2][%cal Re4e1] [#]} 42. f3 Re1+ 43. Kf2 Rb1 44. Nd3 Na3 45. Rc6 Rb3 46. Rc5+ Ke6 47. Nf4+ Ke7 48. Rc7+ Kf8 (48... Kd6 $142) 49. Nd5 f5 50. b6 Kg7 51. b7 Nxc4 52. Rxc4 Rxb7 {KRN-KR} 53. Nf4 Rb6 54. Nxh5+ Kg6 55. Nf4+ Kg7 56. Rc5 Rb2+ 57. Kg1 Kf6 58. Nd5+ Ke5 59. Ra5 {Accuracy: White = 36%, Black = 25%.} 1-0

[Event "100 years Romania 2018"]
[Site "Alba Iulia"]
[Date "2018.11.17"]
[Round "8"]
[White "Filip, Lucian-Ioan"]
[Black "Omelja, Artem"]
[Result "1/2-1/2"]
[WhiteElo "2432"]
[BlackElo "2453"]
[Annotator "TA"]
[PlyCount "30"]
[EventDate "2018.11.12"]
[EventType "swiss"]
[EventCountry "ROU"]
[SourceTitle "playchess.com"]
[Source "ChessBase"]
[SourceQuality "1"]

{[%evp 19,20,5,0]} 1. d4 d5 2. c4 c6 3. Nf3 Nf6 4. cxd5 cxd5 5. Nc3 Nc6 6. Bf4 Bf5 7. e3 e6 8. Bd3 Bxd3 9. Qxd3 Bd6 10. Bxd6 Qxd6 {LiveBook: 1959 Games} {Predecessor:} 11. O-O $146 O-O 12. Rfc1 Rfc8 13. h3 h6 14. Nd2 Nd7 15. Ne2 Ne7 {½-½ (15) Bu,X (2725)-Duda,J (2724) Liaocheng 2018} 1/2-1/2